Catalog

Record Details

Catalog Search



The program [DVD/videorecording] / Touchstone ... Read More

Available copies

  • 2 of 2 copies available at LARL/NWRL Consortium.

Current holds

0 current holds with 2 total copies.

Show Only Available Copies
Location Call Number / Copy Notes Barcode Shelving Location Status Due Date
Godel Memorial-Warren Library DVD PRO (Text) 35500006373060 Main Available -
Hallock Public Library DVD PRO (Text) 35500004576557 Main Available -

Record details

  • ISBN: 0788816845
  • Physical Description: 1 videodisc (112 min.) : sd., col. ; 4 3/4 in.
  • Publisher: United States : Touchstone Home Entertainment ; 2004

Content descriptions

General Note:
Title from container.
Originally released as a motion picture in 1993.
Participant or Performer Note:
James Caan, Halle Berry, Craig Sheffer, Kristy ... Read More
Summary, etc.:
A coach at a major university is under intense ... Read More
Target Audience Note:
MPAA rating: R.
System Details Note:
DVD, region 1, widescreen presentation; Dolby ... Read More
Language Note:
Closed-captioned.
Subject: Football > Drama.
Football players > Drama.
Football coaches > Drama.
Genre: Feature films.
Football films.
Video recordings for the hearing impaired.
LDR 02414cgm a2200553Ka 4500
00167702
003LARL_NWRL_CONSORTIUM
00520060331125211.0
007vd cvaizq
008040521p20041993xxu112 e vleng d
020 . ‡a0788816845
0241 . ‡a717951002839
02842. ‡a17379 ‡bTouchstone Home Entertainment
035 . ‡a(OCoLC)55232674
037 . ‡bMidwest Tapes ‡nhttp://www.midwesttapes.com
040 . ‡aTEFMT ‡cTEFMT ‡dRCS ‡dOCLCQ
08204. ‡a791.43/72 ‡222
24504. ‡aThe program ‡h[DVD/videorecording] / ‡cTouchstone Pictures and the Samuel Goldwyn Company present ; a David S. Ward film ; produced by Samuel Goldwyn, Jr. ; written by David S. Ward and Aaron Latham ; directed by David S. Ward.
260 . ‡aUnited States : ‡bTouchstone Home Entertainment ; ‡aBurbank, CA : ‡bDistributed by Buena Vista Home Entertainment, Inc., ‡c2004
300 . ‡a1 videodisc (112 min.) : ‡bsd., col. ; ‡c4 3/4 in.
538 . ‡aDVD, region 1, widescreen presentation; Dolby Digital 5.1 surround sound.
500 . ‡aTitle from container.
546 . ‡aClosed-captioned.
5111 . ‡aJames Caan, Halle Berry, Craig Sheffer, Kristy Swanson, Omar Epps.
500 . ‡aOriginally released as a motion picture in 1993.
5218 . ‡aMPAA rating: R.
520 . ‡aA coach at a major university is under intense pressure to come up with a winning team. That pressure eventually causes problems with the players and the program itself.
650 0. ‡aFootball ‡vDrama.
650 0. ‡aFootball players ‡vDrama.
650 0. ‡aFootball coaches ‡vDrama.
655 0. ‡aFeature films. ‡0(LARL_NWRL_CONSORTIUM)175625
655 0. ‡aFootball films. ‡0(LARL_NWRL_CONSORTIUM)175669
655 0. ‡aVideo recordings for the hearing impaired. ‡0(LARL_NWRL_CONSORTIUM)175744
7001 . ‡aWard, David S., ‡d1945- ‡0(LARL_NWRL_CONSORTIUM)101649
7001 . ‡aGoldwyn, Samuel, ‡d1926- ‡0(LARL_NWRL_CONSORTIUM)137660
7001 . ‡aLatham, Aaron. ‡0(LARL_NWRL_CONSORTIUM)90249
7001 . ‡aCaan, James. ‡0(LARL_NWRL_CONSORTIUM)138233
7001 . ‡aBerry, Halle. ‡0(LARL_NWRL_CONSORTIUM)109168
7001 . ‡aSheffer, Craig, ‡d1960- ‡0(LARL_NWRL_CONSORTIUM)204746
7001 . ‡aSwanson, Kristy. ‡0(LARL_NWRL_CONSORTIUM)140014
7001 . ‡aEpps, Omar. ‡0(LARL_NWRL_CONSORTIUM)140011
7102 . ‡aTouchstone Pictures. ‡0(LARL_NWRL_CONSORTIUM)139808
7102 . ‡aSamuel Goldwyn Co. ‡0(LARL_NWRL_CONSORTIUM)139253
7102 . ‡aTouchstone Home Entertainment (Firm) ‡0(LARL_NWRL_CONSORTIUM)149188
7102 . ‡aBuena Vista Home Entertainment (Firm) ‡0(LARL_NWRL_CONSORTIUM)144325
901 . ‡a67702 ‡bOCLC ‡c67702 ‡tbiblio

Additional Resources